Ḥāshiyat al-ʻallāmah al-Shaykh Muḥammad ʻUbādah al-ʻAdawī ʻalá Shudhūr al-dhahab li-Abī Muḥammad ʻAbd Allāh ibn Hishām al-Anṣārī. Wa-bi-hāmishihā al-sharḥ al-madhkūr /

Saved in:

Main Author: ʻAdawī, Muḥammad ibn ʻUbādah, -1779 or 1780 (Author)

Format: Book

Language: Arabic

Published: [Misr] : al-Maṭbaʻah al-Maymanīyah, 1318 [1901].

Subjects:

Tags: Add Tag

No Tags, Be the first to tag this record!

Call Number: PJ6101 .I135 A2 1901

LEADER 02006nam a2200253Ia 4500
001 10423
003 OSt
005 20230918103112.0
008 130303s1901 ua 000 0bara d
952 |0 0  |1 0  |2 lcc  |4 0  |6 PJ6101 I135 A2 01901  |7 1  |9 50165  |a ARCE  |b ARCE  |d 2023-09-18  |l 0  |o PJ6101 .I135 A2 1901  |p 1017340  |r 2023-09-18 00:00:00  |w 2023-09-18  |y BK 
999 |c 13761  |d 13761 
040 |c ARCE Library 
050 4 |a PJ6101 .I135 A2 1901 
100 1 |6 880-01  |a ʻAdawī, Muḥammad ibn ʻUbādah,  |d -1779 or 1780,  |e author 
245 1 0 |6 880-02  |a Ḥāshiyat al-ʻallāmah al-Shaykh Muḥammad ʻUbādah al-ʻAdawī ʻalá Shudhūr al-dhahab li-Abī Muḥammad ʻAbd Allāh ibn Hishām al-Anṣārī. Wa-bi-hāmishihā al-sharḥ al-madhkūr /  |c Muḥammad ibn ʻUbādah ʻAdawī. 
246 3 0 |a Ḥāshiyat Muḥammad ʻUbādah al-ʻAdawī ʻalá Shudhūr al-dhahab. 
264 1 |a [Misr] :   |b al-Maṭbaʻah al-Maymanīyah,   |c 1318 [1901]. 
300 |a 2 volumes in 1 ;  |c 24 cm. 
600 1 0 |a Ibn Hishām, ʻAbd Allāh ibn Yūsuf,  |d 1309-1360.  |t Shudhūr al-dhahab fī maʻrifat kalām al-ʻArab. 
650 0 |a Arabic language  |x Grammar  |y Early works to 1800. 
880 1 |6 100-01/(3/r  |a عدوي، محمد بن عبادة،‪‪‪‪‪‪‪‪‪‪‪‪‪‪‪‪‪‪‪‪‪‪‪‪‪‪‪‪‪‪‪‪‪‪‪‪‪‪‪‪‪‪‪‪‪‪‪‪‪‪‪‪‪‪‪‪‪‪‪‪‪‪‪‪‪  |d -1779 أو 1780.‪‪‪‪‪‪‪‪‪‪‪‪‪‪‪‪‪‪‪‪‪‪‪‪‪‪‪‪‪‪‪ 
880 1 0 |6 245-02/(3/r  |a حاشية العلامة الشيخ محمد عبادة العدوي على شذور الذهب لأبي محمد عبد الله بن هشام الأنصاري و بهامشها الشرح المذكور ‪‪‪‪‪‪‪‪‪‪‪‪‪‪‪‪‪‪‪‪‪‪‪‪‪‪‪‪‪‪‪‪‪‪‪‪‪‪‪‪‪‪‪‪‪‪‪‪‪‪‪‪‪‪‪‪‪‪‪‪‪‪‪‪‪  |c محمد بن عبادة عدوي 
901 |a reviewed 
942 |c BK  |2 lcc